000 00910nam a22002177a 4500
003 0
005 20250206162035.0
008 250205b xxu||||| |||| 00| 0 eng d
050 _aZ 678.9
_b.P35 2023
100 _aPalamara, Chris John
245 _aDocument control:
_ba web and mobile application for SISC document control office
_cChris John Palamara
260 _aLas Pinas City
_bSouthville International School and Colleges
_c2023
300 _axvii, 246 pages:
_bcolored illustration;
_c28cm.
500 _aBachelor of Science in Information Technology.
504 _aIncludes bibliographical references and appendices.
650 _aDocument control systems – Web and mobile applications.
650 _aWeb-based document control solutions.
650 _aMobile application -- Institutional document management.
650 _aRecords management -- Educational Institutions.
942 _2lcc
_cTH
999 _c367136
_d367136